Orationes cum aliquot deperditarum fragmentis /

Hlavní autor: Isaios, asi 420 př. Kr.-asi 343 př. Kr.
Další autoři: Scheibe, Karl Friedrich, 1812-1869
Jazyk: Latina
Vydáno: Lipsiae : Teubner, 1874
Fyzický popis: xlix, 167 stran
Knihy
Uloženo v:
LEADER 00825nam a2200241 i 4500
001 000092869
003 CZ BrMZK
005 20160610090258.0
007 ta
008 960815s1874 gw f lat d
040 |a BOA001  |b cze  |e rda 
100 0 |a Isaios,  |d asi 420 př. Kr.-asi 343 př. Kr.  |7 jn19990210297  |4 aut 
245 1 0 |a Orationes cum aliquot deperditarum fragmentis /  |c Isaeus ; edidit Carolus Scheibe 
264 1 |a Lipsiae :  |b Teubner,  |c 1874 
300 |a xlix, 167 stran 
336 |a text  |b txt  |2 rdacontent 
337 |a bez média  |b n  |2 rdamedia 
338 |a svazek  |b nc  |2 rdacarrier 
700 1 |a Scheibe, Karl Friedrich,  |d 1812-1869  |7 mzk2008434136  |4 edt 
910 |a BOA001  |b M1-1024.667 
990 |a BK 
993 |a Y 
996 6 |b 2610041889  |c M1-1024.667  |l MZK  |r Sklad / do 24 hodin  |n 0  |p dar  |w 000092869  |u 000010  |a 1  |e BOA001  |j MZK50  |s P